000 00774nam a22002297a 4500
005 20131030152840.0
010 _aB-495459-464
020 _a9789350514450
_c750.00
035 _aB-495459-464
037 _bHPH/Ven
_adpl
082 _a921
245 _aAnnie Besant /
_cedited by M.A. Seewan,Saud Akhtar [and] R.K.Singh
260 _aMumbai
_bHimalaya Publishing House
_c2011
270 _aRamdoot Dr. Bhalerao Marg, Girgaon
_bMumbai
_e400004
300 _a373p.
_c20cm(Hb)
500 _aincludes index and bibliographical references
700 _aSeewan, M.A.
710 _aSaud Akhtar
710 _aSingh,R.K.
942 _2ddc
_cEN
_mANN
_h921
999 _c79576
_d79576